Phục hồi chức năng trẻ khuyết tật tại gia đình sách chuyên khảo

সংরক্ষণ করুন:
গ্রন্থ-পঞ্জীর বিবরন
অন্যান্য লেখক: Cao Minh Châu (chủ biên)
বিন্যাস: গ্রন্থ
ভাষা:English
প্রকাশিত: H. Y học 2007
বিষয়গুলি:
ট্যাগগুলো: ট্যাগ যুক্ত করুন
কোনো ট্যাগ নেই, প্রথমজন হিসাবে ট্যাগ করুন!
Thư viện lưu trữ: Trung tâm Học liệu Lê Vũ Hùng, Trường Đại học Đồng Tháp
LEADER 01135pam a22002898a 4500
001 00024567
005 20171026081023.0
008 110721s2007 ||||||engsd
041 0 # |a eng 
082 1 4 |a 617.9  |b PH506H 
245 0 0 |a Phục hồi chức năng trẻ khuyết tật tại gia đình  |b sách chuyên khảo  |c Cao Minh Châu...[et al.] 
260 # # |a H.  |b Y học  |c 2007 
300 # # |a 157tr.  |b hình vẽ  |c 24 cm. 
500 # # |a ĐTTS ghi: Bộ giáo dục và đào tạo. Vụ giáo dục mầm non 
650 # 4 |a Cộng đồng 
650 # 4 |a Bài tập 
650 # 4 |a Gia đình 
650 # 4 |a Trẻ khuyết tật 
650 # 4 |a Trẻ em 
650 # 4 |a Phục hồi chức năng 
700 1 # |a Cao Minh Châu  |e chủ biên 
852 # # |b Kho giáo trình  |j KGT.0028100, KGT.0028101, KGT.0028102, KGT.0028103 
852 # # |j KD.0010224  |j KGT.0028100  |j KGT.0028101  |j KGT.0028103  |j KGT.0028102 
852 # # |b Kho đọc  |j KD.0010224 
852 # # |b Kho mượn  |j KGT.0028100 
910 0 # |a Ntuyet  |d 21/07/2011 
980 # # |a Trung tâm Học liệu Lê Vũ Hùng, Trường Đại học Đồng Tháp